[Event "aknightout"]
[Site "http://www.queenalice.com/game.php?id=1113158"]
[Date "2012.10.16"]
[Round "2"]
[White "Rutty"]
[Black "sidra"]
[Result "1/2-1/2"]
[WhiteElo "1993"]
[BlackElo "1901"]

1. d4 d5 2. c4 e6 3. e3 c6 4. Nf3 f6 5. Bd3 Bd6 6. c5 Bc7 7. O-O Ne7 8. Nc3 O-O
9. b4 b6 10. a4 Bb7 11. Bb2 Nd7 12. Qc2 g6 13. Rfe1 bxc5 14. dxc5 e5 15. Nd2 f5
16. Qb3 a6 17. Rac1 Nf6 18. Bc2 Qb8 19. e4 fxe4 20. Ncxe4 Nxe4 21. Nxe4 Nf5 22.
Ng5 Bc8 23. Qh3 h5 24. Qc3 Re8 25. f4 Bd7 26. fxe5 Be6 27. Nxe6 Rxe6 28. Bxf5
gxf5 29. Qf3 Qf8 30. Qxh5 Qf7 31. Qxf7+ Kxf7 32. Re2 Rae8 33. Rce1 Kg6 34. g3
R8e7 35. Kg2 Rh7 36. h3 Rh5 37. g4 fxg4 38. hxg4 Rg5 39. Kf3 Kg7 40. b5 axb5 41.
axb5 cxb5 42. Kf4 Kg6 43. Rd1 Re7 44. Rxd5 Rf7+ 45. Ke4 Rxg4+ 46. Kd3 Rf3+ 47.
Re3 Rf1 48. Re2 Rd1+ 49. Rd2 Re1 50. Kc2 Ba5 51. Rf2 Rc4+ 52. Kb3 Re3+ 53. Ka2
Ra4+ 54. Kb1 Re1+ 55. Kc2 Rc4+ 56. Kb3 Re3+ 1/2-1/2

[Event "AUTO-ADV-2667"]
[Site "http://www.queenalice.com/game.php?id=1118496"]
[Date "2012.11.3"]
[Round "1"]
[White "blackwolf"]
[Black "sidra"]
[Result "1/2-1/2"]
[WhiteElo "1741"]
[BlackElo "1908"]

1. d4 d5 2. c4 e6 3. Nf3 f6 4. Nc3 c6 5. Bf4 dxc4 6. e4 b5 7. g3 Bb4 8. Bg2 Ne7
9. O-O Bxc3 10. bxc3 O-O 11. a4 a6 12. Re1 Bb7 13. e5 Nd5 14. Qc1 Nxf4 15. Qxf4
Nd7 16. Qh4 fxe5 17. Qxd8 Raxd8 18. Nxe5 Nxe5 19. Rxe5 Rf6 20. axb5 axb5 21. Ra7
Rb8 22. Bh3 Kf7 23. Bg2 Kg6 24. Bh3 Kf7 25. Bg2 Kg8 26. Bh3 Kf7 1/2-1/2

[Event "AUTO-ADV-2667"]
[Site "http://www.queenalice.com/game.php?id=1118497"]
[Date "2012.11.3"]
[Round "1"]
[White "sidra"]
[Black "blackwolf"]
[Result "1-0"]
[WhiteElo "1903"]
[BlackElo "1748"]

1. d4 Nf6 2. c4 d5 3. c5 Nc6 4. a3 Bf5 5. Nc3 g6 6. f3 Bg7 7. e3 O-O 8. b4 a6 9.
g3 e5 10. Bg2 e4 11. fxe4 Nxe4 12. Nxe4 Bxe4 13. Bxe4 dxe4 14. Ne2 Qd7 15. O-O
Qh3 16. Nf4 Qh6 17. Ra2 Na7 18. Raf2 Nb5 19. Bb2 c6 20. Qc2 f5 21. Ne6 Rf7 22.
Nxg7 Rxg7 23. Qd2 Qg5 24. d5 Rd8 25. Bxg7 Kxg7 26. Qb2+ Qf6 27. Qxf6+ Kxf6 28.
dxc6 bxc6 29. a4 Nc3 30. g4 Rd5 31. gxf5 gxf5 32. a5 Re5 33. Rb2 Nb5 34. Rd1 Re7
35. Kf2 Ke6 36. Rb3 Ke5 37. h4 h5 38. Rd8 1-0

[Event "AUTO-ADV-2667"]
[Site "http://www.queenalice.com/game.php?id=1118508"]
[Date "2012.11.3"]
[Round "1"]
[White "Rubens2009"]
[Black "sidra"]
[Result "0-1"]
[WhiteElo "1890"]
[BlackElo "1895"]

1. e4 e5 2. Nf3 d6 3. Bc4 h6 4. d4 exd4 5. Nxd4 Nf6 6. Nc3 c6 7. O-O Be7 8. Bf4
O-O 9. e5 dxe5 10. Bxe5 a6 11. Nf3 b5 12. Be2 Nbd7 13. Bg3 Bb7 14. Qd3 Nd5 15.
Nd2 Nxc3 16. Qxc3 Bf6 17. Qf3 Bxb2 18. Rab1 Bf6 19. Bd3 Re8 20. Qf5 g6 21. Qg4
h5 22. Qd1 Ne5 23. Bxe5 Bxe5 24. Nf3 Bf6 25. Qd2 Kg7 26. Qb4 Rc8 27. Rfe1 Rxe1+
28. Rxe1 c5 29. Qf4 c4 30. Bf1 Bxf3 31. Qxf3 Rc7 32. g3 Rd7 33. Bh3 Rd2 34. Re2
Rd1+ 35. Kg2 a5 36. g4 hxg4 37. Bxg4 b4 38. Re4 Rd4 39. Re3 Rd2 40. Qg3 Bd4 41.
Rf3 Rxc2 42. Bf5 Rxa2 43. h4 Kf8 44. Bxg6 Rxf2+ 45. Rxf2 Bxf2 46. Qxf2 Qd5+ 47.
Kh3 c3 48. Bc2 b3 49. Bb1 c2 50. Bxc2 bxc2 51. Qxc2 Qf3+ 52. Kh2 Qf4+ 53. Kh3 a4
54. Qc5+ Kg7 55. h5 Qf3+ 56. Kh2 a3 57. Qg5+ Kf8 58. h6 Qf2+ 59. Kh3 Qf1+ 60.
Kh2 Qe2+ 61. Kh3 Qd3+ 62. Kh4 a2 63. Qg7+ Ke7 64. Qe5+ Kf8 65. Qb8+ Ke7 66. Qa7+
Kf6 67. Qxa2 Qe4+ 68. Kh3 Qf3+ 69. Kh2 Qh5+ 70. Kg1 Qxh6 71. Qb2+ Kg6 72. Qc2+
f5 73. Qc6+ Kh7 74. Qc2 Qg5+ 75. Kf1 Qf4+ 76. Ke1 Qe4+ 77. Qxe4 fxe4 78. Kf2 Kg6
79. Kg3 Kf5 80. Kf2 Kf4 81. Ke2 e3 82. Kf1 Kf3 83. Ke1 e2 0-1

[Event "AUTO-ADV-2667"]
[Site "http://www.queenalice.com/game.php?id=1118509"]
[Date "2012.11.3"]
[Round "1"]
[White "sidra"]
[Black "Rubens2009"]
[Result "0-1"]
[WhiteElo "1913"]
[BlackElo "1872"]

1. d4 d5 2. e3 Nf6 3. f3 e6 4. a3 Be7 5. Bd3 O-O 6. Ne2 a6 7. O-O c5 8. dxc5
Bxc5 9. Re1 e5 10. c3 e4 11. fxe4 dxe4 12. Bc2 Bg4 13. h3 Bh5 14. Bd2 Nc6 15.
Qc1 Re8 16. b4 Bb6 17. Nf4 Bg6 18. Nxg6 fxg6 19. Bb3+ Kh8 20. c4 Ne5 21. Rd1 Nd3
22. Qc3 Nf4 23. Re1 N6h5 24. c5 Nd3 25. Rd1 Bc7 26. Qc2 Qf6 27. Bc3 Be5 28. Bxe5
Qxe5 29. Nc3 Rf8 30. Rf1 Ng3 31. Rxf8+ Rxf8 32. Rd1 Qf5 33. Bd5 Nf2 34. Rc1
Nxh3+ 35. gxh3 Qxh3 36. Qg2 Qh4 37. Bxb7 Rf5 38. Bxe4 Rg5 39. Qf3 Nxe4+ 40. Kf1
Nd2+ 41. Ke2 Nxf3 42. Kxf3 Rg3+ 43. Ke2 Rg2+ 44. Kd3 Qd8+ 45. Kc4 Rd2 46. Kb3
Rd3 47. e4 a5 48. bxa5 Qxa5 49. c6 Qb6+ 50. Kc2 Qd4 51. Kb2 Rd2+ 52. Rc2 Qb6+
53. Kc1 Rxc2+ 54. Kxc2 Qxc6 55. a4 h5 56. Kd3 h4 57. Ne2 h3 58. Ng3 Qxa4 59. Ke3
Qb3+ 60. Kf4 h2 61. Kg4 Qxg3+ 62. Kxg3 h1=Q 63. Kf4 Kg8 64. e5 Kf7 65. Ke3 Ke6
66. Kf4 Qh5 67. Ke4 Qxe5+ 68. Kf3 Kf5 69. Kf2 g5 70. Kf3 g4+ 71. Kg2 Kf4 72. Kf2
Qe3+ 73. Kf1 Qd2 74. Kg1 Kf3 75. Kh1 Qg2# 0-1

[Event "AUTO-ADV-2667"]
[Site "http://www.queenalice.com/game.php?id=1118514"]
[Date "2012.11.3"]
[Round "1"]
[White "pedroingles"]
[Black "sidra"]
[Result "0-1"]
[WhiteElo "1870"]
[BlackElo "1893"]

1. d4 d5 2. c4 e6 3. Nf3 f6 4. Nc3 c6 5. Bf4 dxc4 6. e4 b5 7. g3 Bb4 8. Be2 Ne7
9. O-O Bxc3 10. bxc3 a6 11. a4 Bb7 12. e5 Nd5 13. Qd2 Nxf4 14. Qxf4 O-O 15. Qh4
Nd7 16. axb5 cxb5 17. Nd2 fxe5 18. Qxd8 Raxd8 19. Bg4 exd4 20. cxd4 Rfe8 21.
Rac1 Nf6 22. Bh3 Rxd4 23. Rcd1 Rd3 24. Rfe1 e5 25. Bg2 Bxg2 26. Kxg2 e4 27. Nxe4
Rxe4 28. Rxe4 Nxe4 0-1

[Event "AUTO-ADV-2667"]
[Site "http://www.queenalice.com/game.php?id=1118515"]
[Date "2012.11.3"]
[Round "1"]
[White "sidra"]
[Black "pedroingles"]
[Result "1/2-1/2"]
[WhiteElo "1905"]
[BlackElo "1855"]

1. d4 d5 2. e3 Nf6 3. f3 Nc6 4. a3 e6 5. Bd3 Bd6 6. Ne2 O-O 7. O-O e5 8. c3 exd4
9. cxd4 Be6 10. b4 a6 11. Nbc3 b5 12. e4 dxe4 13. Nxe4 Ne5 14. Nxf6+ Qxf6 15.
Bb2 Nxd3 16. Qxd3 Bc4 17. Qd2 Rae8 18. Rfe1 Re7 19. Ng3 Rfe8 20. Ne4 Qf4 21.
Qxf4 Bxf4 22. g3 Bd6 23. Kf2 f5 24. Nxd6 cxd6 25. Rxe7 Rxe7 26. Re1 Rxe1 27.
Kxe1 g6 28. h4 d5 29. Kd2 Kg7 30. Ke3 Kf6 31. Kf4 h6 32. g4 g5+ 33. hxg5+ hxg5+
34. Kg3 f4+ 35. Kf2 Ke6 36. Bc1 Kd6 37. Bd2 1/2-1/2

[Event "aknightout"]
[Site "http://www.queenalice.com/game.php?id=1140419"]
[Date "2013.1.14"]
[Round "3"]
[White "sidra"]
[Black "tewald"]
[Result "0-1"]
[WhiteElo "1926"]
[BlackElo "1927"]

1. d4 Nf6 2. c4 g6 3. Nc3 Bg7 4. e3 O-O 5. Bd3 b6 6. f3 Bb7 7. Nge2 e6 8. O-O c5
9. dxc5 bxc5 10. b3 a6 11. Bb2 Nc6 12. a3 Ne5 13. Bc2 Rb8 14. e4 Bc6 15. a4 Nxc4
16. bxc4 Rxb2 17. Qc1 Rb4 18. Bd3 h5 19. a5 d5 20. cxd5 exd5 21. exd5 Bxd5 22.
Bxa6 Qd6 23. Bb5 c4 24. a6 Qc5+ 25. Kh1 Rxb5 26. Nxb5 Qxb5 27. Nc3 Qc6 28. Nxd5
Nxd5 29. Ra3 Nb4 30. a7 Ra8 31. h3 Bf8 32. Ra1 Qc5 33. Qd1 Nd3 34. Qe2 Rxa7 35.
Rxa7 Qxa7 36. Kh2 Bd6+ 37. g3 h4 38. f4 hxg3+ 39. Kxg3 Qc7 40. Qe4 Bxf4+ 41. Kf3
g5 42. Rg1 Ne5+ 43. Kf2 Qc5+ 44. Kf1 Qe3 45. Qxe3 Bxe3 46. Rg3 Bf4 47. Rg2 c3
48. Re2 Kg7 49. Ke1 Nf3+ 50. Kd1 Ng1 51. Rc2 Be5 52. h4 Nh3 53. hxg5 Nxg5 54.
Rg2 Kg6 55. Kc2 f5 56. Kd3 Kh5 57. Rf2 Kg4 58. Rg2+ Kf4 59. Rf2+ Nf3 60. Re2 Bd4
61. Kc2 Ne5 62. Re1 Nf3 63. Rf1 Ke3 64. Rd1 Ke2 65. Rh1 Ne1+ 66. Kb3 c2 67. Rh2+
Kd1 68. Kc4 c1=Q+ 69. Kxd4 Nf3+ 70. Kd5 Nxh2 0-1

[Event "AUTO-ADV-2741"]
[Site "http://www.queenalice.com/game.php?id=1145496"]
[Date "2013.1.26"]
[Round "1"]
[White "sidra"]
[Black "ChessColossos"]
[Result "1-0"]
[WhiteElo "1939"]
[BlackElo "1730"]

1. d4 d5 2. e3 Nf6 3. f3 e6 4. a3 c5 5. dxc5 Bxc5 6. b4 Bb6 7. c4 dxc4 8. Qxd8+
Bxd8 9. Bxc4 O-O 10. Ne2 Bb6 11. Nbc3 a6 12. Bb3 Rd8 13. Bc2 Bd7 14. O-O Bc6 15.
Kh1 Nd5 16. Nxd5 Bxd5 17. Re1 Nd7 18. Nf4 Bc6 19. Nd3 Nf6 20. e4 Bd4 21. Rb1
Rac8 22. Be3 Bc3 23. Re2 Bb5 24. Rd1 Bd4 25. Bxd4 Rxd4 26. Red2 Bxd3 27. Bxd3 e5
28. h3 Nh5 29. Kh2 Rc3 30. a4 Nf4 31. Bf1 Rxd2 32. Rxd2 Ne6 33. b5 axb5 34. axb5
Nd4 35. Be2 f6 36. Kg3 Nxe2+ 37. Rxe2 Rb3 38. Rc2 Rxb5 39. h4 h5 40. Kh3 Rb3 41.
Rc8+ Kh7 42. Rc7 b5 43. Rb7 b4 44. Kg3 Rb1 45. Kf2 b3 46. Kg3 b2 47. Kh2 Kg8 48.
Rb8+ Kf7 49. Rb7+ Ke6 50. Kg3 Kd6 51. Rb3 Kc5 52. Rb8 Kc4 53. Rc8+ Kd3 54. Rd8+
Ke2 55. Rb8 Kf1 56. Rb7 Ke2 57. Rb8 Kf1 58. Rb7 Ke1 59. Rb6 Kd1 60. Rb7 Kc2 61.
Rc7+ Kb3 62. Rb7+ 1-0

[Event "AUTO-ADV-2741"]
[Site "http://www.queenalice.com/game.php?id=1145497"]
[Date "2013.1.26"]
[Round "1"]
[White "ChessColossos"]
[Black "sidra"]
[Result "0-1"]
[WhiteElo "1722"]
[BlackElo "1947"]

1. e4 e5 2. f4 d6 3. Bc4 g6 4. Nc3 c6 5. Nf3 exf4 6. d4 g5 7. h4 f6 8. Bxg8 Rxg8
9. hxg5 fxg5 10. Rxh7 Nd7 11. Rh1 Nb6 12. Qd3 Be7 13. Bd2 Be6 14. d5 cxd5 15.
exd5 Bd7 16. O-O-O Bg4 17. Rde1 Bxf3 18. Qxf3 Rg7 19. Rh8+ Kd7 20. Rxd8+ Kxd8
21. Qg4 Bf6 22. Re6 Be5 23. Rh6 a6 24. a4 Kc7 25. Rh5 Rag8 26. b3 Nd7 27. Ne4
Nf6 28. Nxf6 Bxf6 29. Qf5 Be5 30. c4 b6 31. Kc2 a5 32. Rh7 Rxh7 33. Qxh7+ Rg7
34. Qf5 Kb7 35. Bc3 Bxc3 36. Kxc3 Kc7 37. Qf6 Rd7 38. Qxg5 Rf7 39. Qg6 Rd7 40.
Kd4 Re7 41. Qe4 Rxe4+ 42. Kxe4 f3 43. Kxf3 Kd7 44. Kf4 Ke7 45. Kf5 Kf7 46. g4
Ke7 47. Kg6 Kf8 48. Kf6 Ke8 49. Kg7 Ke7 50. g5 Ke8 51. g6 Ke7 52. Kh7 Kf6 53. g7
Ke5 54. g8=Q Kd4 55. Qg3 Kc5 56. Kg7 Kb4 57. Kf6 Kc5 58. Qe3+ Kb4 59. Ke6 b5 60.
axb5 a4 61. bxa4 Kxa4 62. Kxd6 Kb4 0-1

[Event "AUTO-ADV-2741"]
[Site "http://www.queenalice.com/game.php?id=1145498"]
[Date "2013.1.26"]
[Round "1"]
[White "sidra"]
[Black "Zodiac"]
[Result "0-1"]
[WhiteElo "1931"]
[BlackElo "1932"]

1. d4 d5 2. e3 Nf6 3. f3 e6 4. a3 c5 5. dxc5 Bxc5 6. b4 Bd6 7. Bb2 Nbd7 8. c4 b6
9. cxd5 exd5 10. Bd3 Qe7 11. Bd4 Be5 12. Qe2 a6 13. Bxe5 Nxe5 14. Qd2 Nxd3+ 15.
Qxd3 Bd7 16. Ne2 Bb5 17. Qd2 Rc8 18. Nbc3 Bc4 19. O-O O-O 20. Rfe1 Rfe8 21. Nf4
Rcd8 22. Qc1 b5 23. e4 dxe4 24. fxe4 Qa7+ 25. Kh1 Qb8 26. g3 Qb7 27. h3 Nxe4 28.
Nxe4 Rd4 29. Kh2 Rdxe4 30. Qd2 g5 31. Nh5 Re2+ 32. Rxe2 Rxe2+ 33. Qxe2 Bxe2 34.
Re1 Bxh5 35. g4 Bg6 36. Kg3 Qd7 37. h4 Qd3+ 38. Kf2 gxh4 39. Rh1 Qg3+ 40. Ke2
Qg2+ 41. Ke3 Qxh1 42. Kf4 h3 0-1

[Event "AUTO-ADV-2741"]
[Site "http://www.queenalice.com/game.php?id=1145499"]
[Date "2013.1.26"]
[Round "1"]
[White "Zodiac"]
[Black "sidra"]
[Result "0-1"]
[WhiteElo "2001"]
[BlackElo "1911"]

1. d4 d5 2. c4 e6 3. Nc3 c6 4. Nf3 f6 5. e4 Bb4 6. a3 Bxc3+ 7. bxc3 dxe4 8. Ng1
f5 9. Bf4 Nf6 10. Be2 O-O 11. f3 exf3 12. Nxf3 Ne4 13. Qd3 h6 14. Ne5 g5 15. Ng6
Rf7 16. Be5 g4 17. Qe3 Kh7 18. Nf4 Nd7 19. Nxe6 Qg8 20. Bg7 Rxg7 21. Nxg7 Qxg7
22. O-O Ndf6 23. a4 a6 24. Rab1 Qc7 25. Qf4 Qe7 26. Qe3 Qc7 27. Rb3 g3 28. hxg3
Nxg3 29. Rf2 Nxe2+ 30. Rxe2 Ne4 31. Qd3 Qg7 32. Reb2 c5 33. Rb6 cxd4 34. cxd4
Ra7 35. Rb1 Qg4 36. Qh3 Qxh3 37. gxh3 Nc3 38. R1b2 Nxa4 0-1

[Event "AUTO-ADV-2741"]
[Site "http://www.queenalice.com/game.php?id=1145500"]
[Date "2013.1.26"]
[Round "1"]
[White "sidra"]
[Black "ThiagoTanaka"]
[Result "1-0"]
[WhiteElo "1923"]
[BlackElo "1917"]

1. d4 c6 2. e3 d5 3. b3 Bf5 4. Bb2 Nf6 5. f3 e6 6. a3 Bd6 7. Nd2 O-O 8. c4 dxc4
9. Nxc4 Be7 10. g3 h6 11. Bg2 Nbd7 12. Ne2 Nb6 13. Nxb6 Qxb6 14. b4 Bh7 15. O-O
Nd5 16. Qc1 Bd3 17. Re1 Bh7 18. e4 Nf6 19. Kh1 Rad8 20. Rd1 Rd7 21. Bc3 Rfd8 22.
Rb1 e5 23. Qc2 exd4 24. Bxd4 Qa6 25. Qb2 b6 26. Rbc1 c5 27. bxc5 Bxc5 28. Bf1
Qa4 29. Rd3 Bxd4 30. Nxd4 Rxd4 31. Rxd4 Rxd4 32. Rc8+ 1-0

[Event "AUTO-ADV-2667"]
[Site "http://www.queenalice.com/game.php?id=1161999"]
[Date "2013.3.17"]
[Round "2"]
[White "sia"]
[Black "sidra"]
[Result "1-0"]
[WhiteElo "1982"]
[BlackElo "1990"]

1. g3 d5 2. Bg2 e6 3. e3 c6 4. Nf3 Bd6 5. b3 f6 6. Bb2 Ne7 7. O-O O-O 8. d4 e5
9. dxe5 fxe5 10. Nxe5 Bxe5 11. Bxe5 Ng6 12. Bb2 Nd7 13. Qd4 Rf7 14. Bh3 Nge5 15.
Nd2 Qe8 16. f4 Ng6 17. c4 dxc4 18. Nxc4 Qe7 19. Nd6 Rf6 20. Nxc8 Rxc8 21. Bxd7
Rd8 22. Qc4+ Kh8 23. Bxf6 gxf6 24. Be6 Kg7 25. Rad1 Rd6 26. Rxd6 Qxd6 27. Bg8
Qe7 28. e4 Nf8 29. e5 fxe5 30. fxe5 Kh6 31. Rf6+ Ng6 32. Qh4+ Kg7 33. Qxh7# 1-0

[Event "AUTO-ADV-2667"]
[Site "http://www.queenalice.com/game.php?id=1162000"]
[Date "2013.3.17"]
[Round "2"]
[White "sidra"]
[Black "sia"]
[Result "0-1"]
[WhiteElo "1974"]
[BlackElo "2020"]

1. Nf3 d6 2. h3 Nc6 3. a3 e5 4. Nc3 Nf6 5. d3 Be7 6. e4 O-O 7. Be2 a6 8. O-O b5
9. Na2 Be6 10. b3 a5 11. Bb2 Qb8 12. Nc1 b4 13. a4 d5 14. Nxe5 Nxe5 15. Bxe5
dxe4 16. dxe4 Nxe4 17. Bb2 Bh4 18. f3 Ng3 19. Re1 Nf5 20. Rf1 Qb6+ 21. Kh2 Ne3
22. Qd4 Qxd4 23. Bxd4 Nxc2 24. Ra2 Nxd4 25. g3 Bf6 26. Bd3 Nxb3 27. Nxb3 Bxb3
28. Re2 Bxa4 29. Rc1 Ra7 30. Be4 b3 31. h4 b2 32. Rce1 Bb3 33. Bb1 a4 34. Re8 a3
35. Bxh7+ Kxh7 36. Rxf8 a2 37. Rb8 a1=Q 38. Re3 b1=Q 39. Rbxb3 Qh1# 0-1

[Event "AUTO-ADV-2667"]
[Site "http://www.queenalice.com/game.php?id=1162007"]
[Date "2013.3.17"]
[Round "2"]
[White "sidra"]
[Black "Rubens2009"]
[Result "1-0"]
[WhiteElo "1961"]
[BlackElo "1719"]

1. Nf3 c5 2. e3 e6 3. c3 Nf6 4. Be2 Be7 5. O-O O-O 6. d3 d6 7. Nbd2 Nc6 8. d4
Bd7 9. dxc5 dxc5 10. Qc2 e5 11. e4 a6 12. Rd1 Qc7 13. a3 Be6 14. h3 Rad8 15. b4
1-0

[Event "AUTO-ADV-2667"]
[Site "http://www.queenalice.com/game.php?id=1162008"]
[Date "2013.3.17"]
[Round "2"]
[White "Rubens2009"]
[Black "sidra"]
[Result "0-1"]
[WhiteElo "1726"]
[BlackElo "1954"]

1. e4 e5 2. Nf3 d6 3. d4 exd4 4. Nxd4 a6 5. Be2 c5 6. Nf3 h6 7. h3 Nc6 8. O-O
Nf6 9. Nc3 Be7 10. Nd5 Nxd5 11. exd5 Na7 12. a4 O-O 13. Re1 Re8 14. c4 Bf6 15.
Be3 Bxb2 0-1

[Event "aknightout"]
[Site "http://www.queenalice.com/game.php?id=1162304"]
[Date "2013.3.18"]
[Round "4"]
[White "Pato"]
[Black "sidra"]
[Result "0-1"]
[WhiteElo "2147"]
[BlackElo "1967"]

1. f4 e6 2. Nf3 f6 3. b3 Bd6 4. e3 Ne7 5. Bb2 O-O 6. d4 c6 7. c4 b6 8. Nc3 Bb7
9. Bd3 g6 10. O-O Nf5 11. Qe2 Be7 12. e4 Nd6 13. c5 bxc5 14. dxc5 Nf7 15. b4 f5
16. Rad1 fxe4 17. Nxe4 a5 18. a3 axb4 19. axb4 Na6 20. Bc3 Nc7 21. Bc4 Nd5 22.
Bxd5 exd5 23. Ng3 Ba6 24. Qe3 Bxf1 25. Qd4 Bf6 26. Qxf6 Qxf6 27. Bxf6 Bc4 28. h4
Rfe8 29. h5 Ra4 30. hxg6 hxg6 31. Nh4 Kh7 32. Kf2 Rxb4 33. Rh1 Rb2+ 34. Kf3 Be2+
35. Nxe2 Rbxe2 36. Nf5+ Kg8 37. Nh4 R2e3+ 38. Kg4 R8e6 39. Bg5 Nxg5 40. Kxg5
Rg3+ 41. Kh6 g5+ 0-1

[Event "AUTO-ADV-2741"]
[Site "http://www.queenalice.com/game.php?id=1178509"]
[Date "2013.5.4"]
[Round "2"]
[White "Aborigen"]
[Black "sidra"]
[Result "1-0"]
[WhiteElo "1975"]
[BlackElo "1960"]

1. e4 e5 2. Nf3 d6 3. d4 exd4 4. Nxd4 a6 5. Be2 c5 6. Nf5 Nc6 7. O-O Bxf5 8.
exf5 Nd4 9. Bg4 Be7 10. Re1 Nf6 11. Bh3 O-O 12. c3 Nc6 13. Nd2 Re8 14. Nf3 h6
15. Qc2 b5 16. Bd2 Na5 17. Rad1 Nc6 18. Qc1 Kh7 19. Re2 Ra7 20. Rde1 a5 21. a3
a4 22. Bf4 Na5 23. Nd2 Nb3 24. Nxb3 axb3 25. g3 c4 26. Bg2 Qd7 27. h3 d5 28. Be3
Ra6 29. g4 Ne4 30. Bxe4 dxe4 31. Bd4 Bg5 32. Qb1 g6 33. fxg6+ fxg6 34. Rxe4 Rae6
35. Rxe6 Rxe6 36. Rxe6 Qxe6 37. Kf1 Qd5 38. Kg1 Qf3 39. Qf1 Bf4 40. Be3 g5 41.
Qb1+ Kg7 42. Bd4+ Kf7 43. Qf5+ Ke8 44. Qe6+ Kd8 45. Bb6+ Bc7 46. Qd6+ Ke8 47.
Bxc7 Qe2 48. Qd8+ Kf7 49. Qd7+ Kg8 50. Qd5+ Kg7 51. Be5+ Kf8 52. Qd8+ Kf7 53.
Qf6+ Ke8 54. Qe6+ Kd8 55. Bc7+ Kxc7 56. Qxe2 Kd6 57. Kg2 Kd5 58. Kg3 Kd6 59. f4
1-0

[Event "AUTO-ADV-2741"]
[Site "http://www.queenalice.com/game.php?id=1178510"]
[Date "2013.5.4"]
[Round "2"]
[White "sidra"]
[Black "Aborigen"]
[Result "0-1"]
[WhiteElo "1945"]
[BlackElo "1990"]

1. d4 e6 2. a3 f5 3. c4 Nf6 4. f3 d5 5. c5 Be7 6. e3 O-O 7. Nc3 c6 8. b4 Nbd7 9.
Bd3 a6 10. Nge2 Nh5 11. O-O Rf6 12. f4 Rh6 13. g3 Nhf6 14. Kg2 Ne4 15. Nxe4 fxe4
16. Bc2 Nf6 17. Rh1 Bd7 18. Nc3 Qe8 19. Na4 Bd8 20. Qd2 Qh5 21. Bd1 Qh3+ 22. Kg1
Ng4 23. Bxg4 Qxg4 24. Qf2 Bc7 25. Nc3 Rf8 26. Ne2 Be8 27. Qg2 Bh5 28. Kf1 Qg6
29. Qf2 Bd8 30. Rg1 Bf3 31. Ke1 Qh5 32. h4 Qg4 33. Kd2 Rg6 34. Bb2 Rgf6 35. Rae1
R6f7 36. Nc3 a5 37. Bc1 axb4 38. axb4 Bc7 39. Kc2 Ra8 40. Kb2 Rff8 41. Bd2 h5
42. b5 Ba5 43. b6 Ra6 44. Ra1 Rfa8 45. Na2 Be2 46. Bxa5 Rxa5 47. Nc3 Rxa1 48.
Rxa1 Rxa1 49. Kxa1 Bd3 50. Kb2 g6 51. Kc1 Kf7 52. Kd2 Kf6 53. Ke1 Kf5 54. Kd2
Qh3 55. Ne2 Kg4 56. Ke1 Bxe2 57. Qxe2+ Kxg3 58. Qf2+ Kg4 59. Qg1+ Qg3+ 0-1

[Event "AUTO-ADV-2741"]
[Site "http://www.queenalice.com/game.php?id=1178511"]
[Date "2013.5.4"]
[Round "2"]
[White "npeter"]
[Black "sidra"]
[Result "1-0"]
[WhiteElo "2168"]
[BlackElo "1931"]

1. d4 d5 2. Nf3 f6 3. c4 e6 4. Nc3 c6 5. e4 dxc4 6. Bxc4 b5 7. Bb3 a5 8. a3 a4
9. Ba2 Bd6 10. O-O Ne7 11. e5 fxe5 12. Ne4 exd4 13. Qxd4 Nf5 14. Nxd6+ Nxd6 15.
Qxg7 Nf7 16. Bg5 Qc7 17. Rad1 Na6 18. Rd8+ Nxd8 19. Qxh8+ 1-0

[Event "AUTO-ADV-2741"]
[Site "http://www.queenalice.com/game.php?id=1178512"]
[Date "2013.5.4"]
[Round "2"]
[White "sidra"]
[Black "npeter"]
[Result "0-1"]
[WhiteElo "1924"]
[BlackElo "2173"]

1. d4 d5 2. e3 Nf6 3. f3 c5 4. c3 e6 5. dxc5 Bxc5 6. Ne2 O-O 7. g3 Nc6 8. Bg2
Qb6 9. Nd4 e5 10. Nxc6 bxc6 11. Qe2 Ba6 12. Qf2 d4 13. cxd4 exd4 14. exd4 Bxd4
15. Qc2 Rfe8+ 16. Kd1 Be2+ 17. Kd2 Rad8 18. Nc3 Bf2+ 0-1